00370nam a2200145Ia 4500008004100000020001500041041001200056082001100068100001400079245005300093260004200146300000800188650000700196700002100203221030s9999 xx 000 0 und d a8189757588 aEnglish a105.23 aV. Sharma 0aMobile Computingcby V. Sharma, S. P. S. Chauhan bS. K. Kataria & SonsaNew Delhic2009 a308 aIT aS. P. S. Chauhan